Dvadsiate druhé valné zhromaždenie IAU

Bibliographic Details
Main Author: Zverko, Juraj, 1943- (Author)
Format: Article
Language:Slovak
Subjects:

MARC

LEADER 00000nab a2200000 a 4500
001 vtls000530923
003 SK-MaSNL
005 20260304085619.0
008 250425c1994 xo 0 slo
015 |a SNBRB19rr/mm-uuuuu 
035 |a CL0531061 
035 |a urn:nbn:sk:snk-abddl 
035 |a (urnnbn)urn:nbn:sk:snk:ar-a04u6y 
035 |a (uuid)1dbfa027-eca1-4e2d-b246-3e41e4c62de0 
040 |a SNKBUCL  |b slo  |c SNKBUCL  |e AACR2 
041 0 |a slo 
044 |a xo  |c SK 
080 |a 52:061.22(100)  |2 1981 
100 1 |a Zverko, Juraj,  |d 1943-  |4 aut  |9 38142 
245 1 0 |a Dvadsiate druhé valné zhromaždenie IAU  |c J. Zverko 
650 0 7 |a Medzinárodná astronomická únia  |2 snkbucl  |9 1011789 
655 7 |a články z novín a časopisov  |2 snkbucl  |9 267496 
773 0 |t Kozmos  |g Roč. 25, č. 6 (1994), s. 26 
850 |a Slovenská národná knižnica 
852 |a Slovenská národná knižnica 
954 |a odborná, vedecká literatúra pôvodná (slovenská)  |2 lita 
958 |a article27 
958 |a RK 
958 |a OND 
958 |a EUIPO 
992 |a RBX 
999 |c 2808739  |d 2810669